00433nam a22001457a 450000500170000000800410001702000280005804100130008608200130009910000270011224500440013926000470018330000320023065000250026220231204103016.0231204b |||||||| |||| 00| 0 eng d a0409014125 ; 0409014133 aEnglish  a349 JOU  aJoubert, WA lEnglish  aThe Law of South Africa / cWA Joubert  aDurban : bLexisNexis Butterworths, c2005 bxiii, 482 pages ; c26 cm.  aLegal practice bLaw